Online
Catalog

7 ensayos de interpretación de la realidad peruana / (Record no. 13871)

MARC details
000 -CABECERA
campo de control de longitud fija 01242cam a2200301 a 4500
001 - NÚMERO DE CONTROL
campo de control 000014275
005 - FECHA Y HORA DE LA ÚLTIMA TRANSACCIÓN
campo de control 20200929163543.0
008 - DATOS DE LONGITUD FIJA--INFORMACIÓN GENERAL
campo de control de longitud fija 830701s1995 pe ac b 001 0 spa d
035 ## - NÚMERO DE CONTROL DEL SISTEMA
Número de control de sistema (OCoLC)9664087
040 ## - FUENTE DE LA CATALOGACIÓN
Centro catalogador/agencia de origen DO-SdBNP
Centro/agencia transcriptor FMFIU
Centro/agencia modificador OCoLC
-- DLC
043 ## - CÓDIGO DE ÁREA GEOGRÁFICA
Código de área geográfica s-pe---
082 ## - NÚMERO DE LA CLASIFICACIÓN DECIMAL DEWEY
Número de clasificación 330.985
Número de documento/Ítem M333s, 1995
049 ## - FONDOS LOCALES (OCLC)
Fondos de biblioteca BNGR
100 1# - ENTRADA PRINCIPAL--NOMBRE DE PERSONA
Nombre de persona Mariátegui, José Carlos,
Fechas asociadas al nombre 1894-1930.
9 (RLIN) 27837
245 10 - MENCIÓN DE TÍTULO
Título 7 ensayos de interpretación de la realidad peruana /
Mención de responsabilidad, etc. José Carlos Mariátegui.
246 3# - FORMA VARIANTE DE TÍTULO
Título propio/Titulo breve Siete ensayos de interpretación de la realidad peruana.
250 ## - MENCIÓN DE EDICIÓN
Mención de edición 62a ed.
260 ## - PUBLICACIÓN, DISTRIBUCIÓN, ETC.
Lugar de publicación, distribución, etc. Lima :
Nombre del editor, distribuidor, etc. Amauta,
Fecha de publicación, distribución, etc. 1995.
300 ## - DESCRIPCIÓN FÍSICA
Extensión v. :
Otras características físicas il., retrs. ;
Dimensiones 17 cm.
490 1# - MENCIÓN DE SERIE
Mención de serie Biblioteca amauta
500 ## - NOTA GENERAL
Nota general Consta de artículos ya publicados en "Mundial" y "Amanta". cf. Pref
504 ## - NOTA DE BIBLIOGRAFÍA, ETC.
Nota de bibliografía, etc. Incluye referencias bibliográficas al pie de las páginas.
505 0# - NOTA DE CONTENIDO CON FORMATO
Nota de contenido con formato v. 1 Esquema de la evolución económica -- El problema del indio -- El problema de la tierra -- El proceso de la instrucción publica -- El factor religioso -- Regionalismo y centralismo.
651 #4 - PUNTO DE ACCESO ADICIONAL DE MATERIA--NOMBRE GEOGRÁFICO
Nombre geográfico Perú
Subdivisión general Condiciones Económicas
9 (RLIN) 32235
651 #4 - PUNTO DE ACCESO ADICIONAL DE MATERIA--NOMBRE GEOGRÁFICO
Nombre geográfico Perú
-- Política Y Gobierno
9 (RLIN) 32236
830 #0 - PUNTO DE ACCESO ADICIONAL DE SERIE-TÍTULO UNIFORME
Título uniforme Biblioteca amauta ;
9 (RLIN) 32237
910 ## - DATOS DE OPCIÓN DEL USUARIO (OCLC)
Datos de opción del usuario Catalogación derivada
Holdings
Estado de retiro Estado de pérdida Restricciones de uso No para préstamo Código de colección Localización permanente Ubicación/localización actual Ubicación en estantería Fecha de adquisición Número de inventario Total de préstamos Signatura topográfica completa Código de barras Fecha visto por última vez Precio válido a partir de Tipo de ítem Koha
    Préstamo interno   Monografías: Libros y Folletos General General En catalogación 08.12.2009 LF1   330.985 M333s, 1995 14275-10 25.06.2020 25.06.2020 Préstamo interno

Powered by Koha